MARC

LEADER 00000nla2a2200000 4500
001 660884
005 20231101135141.0
035 |a (RuTPU)RU\TPU\network\30997 
035 |a RU\TPU\network\30996 
090 |a 660884 
100 |a 20191105a2019 k y0engy50 ba 
101 0 |a eng 
102 |a RU 
105 |a y z 100zy 
135 |a drgn ---uucaa 
181 0 |a i  
182 0 |a b 
200 1 |a Microstructure, Fatigue Strength and Erosion Resistance of MAX-Phase Embedded Ti-Si-B Nanostructured Coatings on Ti-6Al-4V  |f O. Bytsenko [et al.] 
203 |a Text  |c electronic 
225 1 |a Ion-Assisted Coating Deposition. Oral Presentation 
300 |a Заглавие с экрана 
463 0 |0 (RuTPU)RU\TPU\network\30793  |t Surface Modification of Materials by Ion Beams (SMMIB-2019)  |o 21st International Conference, 25-30 August 2019, Tomsk, Russia  |o abstract book  |f National Research Tomsk Polytechnic University (TPU)  |v [P. 96]  |d 2019 
610 1 |a электронный ресурс 
610 1 |a труды учёных ТПУ 
610 1 |a микроструктуры 
610 1 |a усталостная прочность 
610 1 |a эрозионная стойкость 
610 1 |a наноструктурированные покрытия 
610 1 |a плазменная обработка 
610 1 |a ионная имплантация 
701 1 |a Bytsenko  |b O.  |g Oksana 
701 1 |a Steshenko  |b I. G. 
701 1 |a Shulov  |b V. A. 
701 1 |a Ryabchikov  |b A. I.  |c Professor of Tomsk Polytechnic University, Doctor of physical and mathematical sciences  |c physicist  |f 1950-  |g Aleksandr Ilyich  |2 stltpush  |3 (RuTPU)RU\TPU\pers\30912 
701 1 |a Teryaev  |b D. A. 
712 0 2 |a Национальный исследовательский Томский политехнический университет  |b Инженерная школа ядерных технологий  |b Научная лаборатория высокоинтенсивной имплантации ионов  |h 7868  |2 stltpush  |3 (RuTPU)RU\TPU\col\23698 
801 2 |a RU  |b 63413507  |c 20191105  |g RCR 
856 4 |u https://smmib.ru/assets/files/SMMIB2019_TOMSK_full.pdf#page=97 
942 |c CF